|
|
|
|
| LEADER |
00000cam a2200000 a 4500 |
| 001 |
vtls010288392 |
| 003 |
SK-MaSNL |
| 005 |
20260302082149.0 |
| 008 |
240318s2011 xo a b 000 0 slo |
| 015 |
|
|
|a SNBA2011/09-04895
|
| 020 |
|
|
|a 9788081200724
|q (brož.)
|
| 040 |
|
|
|a SNK
|b slo
|c SNK
|e AACR2
|
| 041 |
0 |
|
|a slo
|
| 044 |
|
|
|a xo
|c SK
|
| 072 |
|
7 |
|a 37.016
|x Učebné osnovy. Vyučovacie predmety. Učebnice
|2 konspekt
|
| 080 |
|
|
|a 37.016:003-028.31
|2 2001
|
| 080 |
|
|
|a (075.2)
|2 2001
|
| 080 |
|
|
|a (076.1)
|2 2001
|
| 100 |
1 |
|
|a Virgovičová, Lýdia,
|d 1937-
|4 aut
|9 86337
|
| 245 |
1 |
0 |
|a Písmenká - moji kamaráti
|b písanka s predtlačou pre prvý ročník základných škôl
|n [6]
|c [autorky Lýdia Virgovičová, Zuzana Virgovičová ; ilustrácie Jaroslava Kolačková]
|
| 260 |
|
|
|a Bratislava
|b Orbis Pictus Istropolitana
|c 2011
|
| 300 |
|
|
|a 48 s.
|b ilustr.
|c 21 cm
|
| 500 |
|
|
|a Vydané pod jedným ISBN ako komplet 6 písaniek s predtlačou. ISBN len na písanke č. 6
|
| 500 |
|
|
|a Názov z obalu. Údaje o autoroch z tiráže
|
| 650 |
0 |
7 |
|a písanie
|2 SNKPH
|9 1728
|
| 650 |
0 |
7 |
|a Writing
|2 SNKPHeng
|9 302882
|
| 655 |
|
7 |
|a učebnice základných škôl
|2 SNKPH
|9 70187
|
| 655 |
|
7 |
|a Textbooks (elementary)
|2 SNKPHeng
|9 276977
|
| 655 |
|
7 |
|a pracovné zošity
|2 SNKPH
|9 70188
|
| 655 |
|
7 |
|a Activity books
|2 SNKPHeng
|9 302885
|
| 700 |
1 |
|
|a Virgovičová, Zuzana
|4 aut
|9 47620
|
| 700 |
1 |
|
|a Kolačková, Jarka,
|d 1953-
|4 ill
|9 8415
|
| 919 |
|
|
|a 978-80-8120-072-4
|
| 968 |
|
|
|d 37
|
| 999 |
|
|
|c 1179137
|d 1181067
|
| 952 |
|
|
|a SNK
|b SNK
|y PREZ
|7 0
|p 17A0705692
|o snkOSC 25585/1
|i snk2011/14487
|8 0
|0 0
|1 0
|4 0
|d 2011-06-24
|l 0
|r 2026-02-24 21:33:07
|w 2026-02-24
|
| 952 |
|
|
|a SNK
|b SNK
|y PREZ
|7 0
|p 17A0705694
|o snkOSC 25585/2
|i snk2011/14491
|8 0
|0 0
|1 0
|4 0
|d 2011-06-24
|l 0
|r 2026-02-24 21:33:07
|w 2026-02-24
|
| 952 |
|
|
|a SNK
|b SNK
|y VYP
|7 0
|p 17A0705695
|o snkOSC 25585/2 D1
|i snk2011/14492
|8 0
|0 0
|1 0
|4 0
|d 2011-06-24
|l 0
|r 2026-02-24 21:33:07
|w 2026-02-24
|
| 952 |
|
|
|a SNK
|b SNK
|y PREZ
|7 0
|p 17A0705696
|o snkOSC 25585/3
|i snk2011/14493
|8 0
|0 0
|1 0
|4 0
|d 2011-06-24
|l 0
|r 2026-02-24 21:33:07
|w 2026-02-24
|
| 952 |
|
|
|a SNK
|b SNK
|y VYP
|7 0
|p 17A0705697
|o snkOSC 25585/3 D1
|i snk2011/14495
|8 0
|0 0
|1 0
|4 0
|d 2011-06-24
|l 0
|r 2026-02-24 21:33:07
|w 2026-02-24
|
| 952 |
|
|
|a SNK
|b SNK
|y PREZ
|7 0
|p 17A0705698
|o snkOSC 25585/4
|i snk2011/14496
|8 0
|0 0
|1 0
|4 0
|d 2011-06-24
|l 0
|r 2026-02-24 21:33:07
|w 2026-02-24
|
| 952 |
|
|
|a SNK
|b SNK
|y VYP
|7 0
|p 17A0705699
|o snkOSC 25585/4 D1
|i snk2011/14497
|8 0
|0 0
|1 0
|4 0
|d 2011-06-24
|l 0
|r 2026-02-24 21:33:08
|w 2026-02-24
|
| 952 |
|
|
|a SNK
|b SNK
|y PREZ
|7 0
|p 17A0705700
|o snkOSC 25585/5
|i snk2011/14498
|8 0
|0 0
|1 0
|4 0
|d 2011-06-24
|l 0
|r 2026-02-24 21:33:08
|w 2026-02-24
|
| 952 |
|
|
|a SNK
|b SNK
|y VYP
|7 0
|p 17A0705701
|o snkOSC 25585/5 D1
|i snk2011/14499
|8 0
|0 0
|1 0
|4 0
|d 2011-06-24
|l 0
|r 2026-02-24 21:33:08
|w 2026-02-24
|
| 952 |
|
|
|a SNK
|b SNK
|y PREZ
|7 0
|p 17A0705702
|o snkOSC 25585/6
|i snk2011/14500
|8 0
|0 0
|1 0
|4 0
|d 2011-06-24
|l 0
|r 2026-02-24 21:33:08
|w 2026-02-24
|
| 952 |
|
|
|a SNK
|b SNK
|y VYP
|7 0
|p 17A0705703
|o snkOSC 25585/6 D1
|i snk2011/14501
|8 0
|0 0
|1 0
|4 0
|d 2011-06-24
|l 0
|r 2026-02-24 21:33:08
|w 2026-02-24
|
| 952 |
|
|
|a SNK
|b SNK
|y VYP
|7 0
|p 17A0705693
|o snkOSC 25585/1 D1
|i snk2011/14489
|8 0
|0 0
|1 0
|4 0
|d 2011-06-24
|l 0
|r 2026-02-24 21:33:08
|w 2026-02-24
|